Malušenký princ /
Nesmrtelné dílo Antoina de Saint-Exupéryho, převyprávěné do slováckého nářečí.
Uloženo v:
| Série: | Malý princ,
část |
|---|---|
| Hlavní autor: | |
| Další autoři: | , , |
| Médium: | E-kniha |
| Jazyk: | Czech |
| Vydáno: |
Brno :
Jota,
2024
|
| Vydání: | První vydání |
| Témata: | |
| Příbuzné jednotky: | Z cyklu::
Malý princ |
| Tagy: |
Žádné tagy |
| LEADER | 02863nam a2200517 i 4500 | ||
|---|---|---|---|
| 001 | 312403 | ||
| 003 | CZ PrSKC | ||
| 005 | 20260601215722.0 | ||
| 007 | ta | ||
| 008 | 240531s2024 xr a g 000 j cze | ||
| 015 | |a cnb003608683 | ||
| 020 | |a 9788076893764 |q (vázáno) | ||
| 035 | |a (OCoLC)1455302434 | ||
| 040 | |a ABG001 |b cze |e rda | ||
| 041 | 1 | |a cze |h fre | |
| 072 | 7 | |a 821.162.3-3 |x Česká próza |2 Konspekt | |
| 080 | |a 821.162.3-32 |2 MRF | ||
| 080 | |a 821-1/-8(0.046.6) |2 MRF | ||
| 080 | |a 821.133.1-34 |2 MRF | ||
| 080 | |a (0:82-32) |2 MRF | ||
| 100 | 1 | |a Škarnétka, Cyril, |d 1987- |7 xx0318160 |4 aut | |
| 245 | 1 | 0 | |a Malušenký princ / |c Cyril Škarnétka, Francka Kubíkova, Antoine de Saint-Exupéry ; ilustrace na obálce a v knize František Pavlica |
| 250 | |a První vydání | ||
| 264 | 1 | |a Brno : |b Jota, |c 2024 | |
| 300 | |a 125 stran : |b ilustrace (převážně barevné) ; |c 23 cm | ||
| 336 | |a text |b txt |2 rdacontent | ||
| 337 | |a bez média |b n |2 rdamedia | ||
| 338 | |a svazek |b nc |2 rdacarrier | ||
| 500 | |a Terminologický slovník | ||
| 520 | 2 | |a Nesmrtelné dílo Antoina de Saint-Exupéryho, převyprávěné do slováckého nářečí. |b Kultovní kniha francouzského spisovatele a pilota Antoina de Saint-Exupéryho byla přeložena do více než 350 jazyků a dialektů. Každý ji zná. Vášnivá sběratelka knižních vydání Malého prince Martina Dlabajová si dlouho lámala hlavu tím, jak něžný příběh převést také do svérázného Slovácka. V její práci jí pomohli překladatelé Cyril Škarnétka a Francka Kubíkova. Knihu svými ilustracemi doprovází František Pavlica. Počtou si nejen lidé ze Slovácka. Laik se přiučí místnímu nářečí, odborník znásobí své znalosti a všichni získají nový pohled na známý příběh z nezvyklé perspektivy. Nakladatelská anotace. | |
| 653 | 0 | |a slovácké nářečí | |
| 655 | 7 | |a české příběhy |7 fd133973 |2 czenas | |
| 655 | 7 | |a literární adaptace |7 fd119387 |2 czenas | |
| 655 | 7 | |a francouzské pohádky |7 fd132286 |2 czenas | |
| 655 | 9 | |a Czech stories |2 eczenas | |
| 655 | 9 | |a literary adaptations |2 eczenas | |
| 655 | 9 | |a French fairy tales |2 eczenas | |
| 700 | 1 | |a Kubíkova, Francka, |d 1984- |7 jo20241235232 |4 aut | |
| 700 | 1 | |a Pavlica, František, |d 1971- |7 mzk2005269902 |4 ill | |
| 700 | 1 | |i Adaptace díla: |a Saint-Exupéry, Antoine de, |d 1900-1944. |t Petit prince |7 aun2006373385 | |
| 787 | 0 | 8 | |i Z cyklu: |t Malý princ |
| 900 | |a ABA001 |b 20 | ||
| 044 | |a xr | ||
| 910 | |a RBIT002 | ||
| 998 | |d 405790 |a https://core.palmknihy.cz/api/books/405790/cover?se8vch |b https://core.palmknihy.cz/api/books/405790/cover/400?se8vch |c https://core.palmknihy.cz/api/books/405790/cover/50?se8vch |e 2029-02-21 |g 128 |i 9788076893764 |j https://core.palmknihy.cz/api/books/405790/preview.epub |l |q 49 |r 1 |s https://www.palmknihy.cz/kniha/405790 |t ebook |y 2024 |z 0 | ||
| 999 | |d 312401 | ||